| 000 | 00388pab a2200145 454500 | ||
|---|---|---|---|
| 008 | 180718b2001 xxu||||| |||| 00| 0 eng d | ||
| 100 | _aRastogi, Alind | ||
| 245 | _aParticipatory forest management scenario in India - a peep through SWOT analysis | ||
| 260 | _c2001 | ||
| 300 | _ap.126-44. | ||
| 362 | _aDec | ||
| 650 | _aForest management | ||
| 773 | _aAdministrator | ||
| 909 | _a52663 | ||
| 999 |
_c52663 _d52663 |
||